Turkish Süper Lig Champions - Yellow Box - Statistics

General Stats
  • This quiz has been taken 180 times
  • The average score is 59 of 69
Answer Stats
Hint Answer % Correct
2024/25 Galatasaray
99%
2023/24 Galatasaray
99%
2022/23 Galatasaray
99%
2021/22 Trabzonspor
97%
2020/21 Beşiktaş
96%
2018/19 Galatasaray
95%
2013/14 Fenerbahçe
94%
2017/18 Galatasaray
94%
2014/15 Galatasaray
94%
2012/13 Galatasaray
94%
2016/17 Beşiktaş
93%
2011/12 Galatasaray
93%
2019/20 Başakşehir
92%
2015/16 Beşiktaş
92%
2010/11 Fenerbahçe
92%
2008/09 Beşiktaş
91%
2006/07 Fenerbahçe
91%
2007/08 Galatasaray
91%
2003/04 Fenerbahçe
90%
2005/06 Galatasaray
90%
1999/00 Galatasaray
90%
2002/03 Beşiktaş
89%
2009/10 Bursaspor
89%
2004/05 Fenerbahçe
89%
2001/02 Galatasaray
89%
1997/98 Galatasaray
89%
2000/01 Fenerbahçe
88%
1998/99 Galatasaray
88%
1996/97 Galatasaray
88%
1995/96 Fenerbahçe
87%
1994/95 Beşiktaş
86%
1991/92 Beşiktaş
84%
1993/94 Galatasaray
84%
1992/93 Galatasaray
83%
1990/91 Beşiktaş
82%
1989/90 Beşiktaş
82%
1985/86 Beşiktaş
82%
1988/89 Fenerbahçe
82%
1984/85 Fenerbahçe
82%
1987/88 Galatasaray
82%
1982/83 Fenerbahçe
81%
1986/87 Galatasaray
81%
1983/84 Trabzonspor
81%
1981/82 Beşiktaş
80%
1972/73 Galatasaray
80%
1977/78 Fenerbahçe
79%
1974/75 Fenerbahçe
79%
1973/74 Fenerbahçe
79%
1971/72 Galatasaray
79%
1970/71 Galatasaray
79%
1962/63 Galatasaray
79%
1979/80 Trabzonspor
79%
1976/77 Trabzonspor
79%
1959/60 Beşiktaş
78%
1957/58 Beşiktaş
78%
1969/70 Fenerbahçe
78%
1964/65 Fenerbahçe
78%
1960/61 Fenerbahçe
78%
1968/69 Galatasaray
78%
1961/62 Galatasaray
78%
1980/81 Trabzonspor
78%
1978/79 Trabzonspor
78%
1975/76 Trabzonspor
78%
1966/67 Beşiktaş
77%
1967/68 Fenerbahçe
77%
1963/64 Fenerbahçe
77%
1958/59 Fenerbahçe
77%
1965/66 Beşiktaş
76%
1956/57 Beşiktaş
76%
No matching quizzes found
Score Distribution
Percent of People with Each Score
Percentile by Number Answered
Your Score History
You have not taken this quiz